| 000 | 00757nam a22002177a 4500 | ||
|---|---|---|---|
| 999 |
_c15742 _d15742 |
||
| 003 | MIRAKIL | ||
| 005 | 20240322113411.0 | ||
| 008 | 240322b tu ||||| |||| 00| 0 tur d | ||
| 020 | _a9789751621122 | ||
| 040 |
_aTR-AnCHP _cTR-AnCHP |
||
| 041 | _atur | ||
| 082 |
_a419.9 _bG94n 2009 |
||
| 100 | _aGülensoy, Tuncer | ||
| 245 | 1 | 0 |
_aNahçıvan ağzı / _cTuncer Gülensoy, Ebulfez Kuluyev Amanoğlu, Paki Küçüker. |
| 260 |
_aAnkara: _bTürk Dil Kurumu Yayınları, _c2009. |
||
| 300 |
_a733 s. : _c24 cm.. |
||
| 490 | 0 |
_aAtatürk Kültür, Dil ve Tarih Yüksek Kurumu Türk Dil Kurumu Yayınları _v948. |
|
| 650 | 0 |
_97753 _aAğızlar |
|
| 856 | _zDijital Nüshası için Partimizin Kütüphane Sorumlusu ile iletişime geçiniz. | ||
| 942 |
_2ddc _cBKS |
||